| 000 | 02147nam a22001937a 4500 | ||
|---|---|---|---|
| 003 | OSt | ||
| 005 | 20260408092713.0 | ||
| 008 | 260407b |||||||| |||| 00| 0 SPA d | ||
| 082 | _29583200611 | ||
| 100 | _aJUAN ANTONIO OLLERO | ||
| 245 | _aAPRENDE INGLES MI PRIMERA GRAMATICA VOL1 | ||
| 250 |
_a1RA EDICION _b1 |
||
| 260 |
_aBARCELONA - ESPAÑA _bGRUPO EDITORIAL OCEANO _c1986 y 1987 |
||
| 300 |
_a 126 a 128 páginas. _c 18 x 25 cm |
||
| 490 | _3 tapa dura (cartoné). | ||
| 520 | _al objetivo central del libro es simplificar la comprensión de las estructuras gramaticales mediante un método visual y progresivo. Sus puntos clave incluyen:Fundamentos del idioma: Explica de forma clara y sencilla las bases de la gramática inglesa, como el uso de pronombres, el verbo to be, los artículos y los tiempos verbales básicos (presente, pasado y futuro).Aprendizaje visual: Utiliza abundantes ilustraciones y diagramas que ayudan a los principiantes a asociar conceptos gramaticales con situaciones cotidianas, facilitando la retención de información.Pronunciación: Muchas ediciones incluyen guías fonéticas para que el estudiante no solo aprenda a escribir correctamente, sino también a pronunciar de manera adecuada desde el inicio.Estructura progresiva: El material está dividido en lecciones que aumentan gradualmente su dificultad, permitiendo que el lector construya oraciones cada vez más complejas, describa personas y lugares, y exprese habilidades o preferencias | ||
| 650 |
_aCómo se lee Aprende Inglés: Una guía inicial sobre el uso del libro y su metodología.La gramática: Introducción general al concepto de reglas lingüísticas en el idioma inglés. _xFundamentos de la Oración: Sujeto, verbos auxiliares y el uso esencial del verbo to be.Categorías Gramaticales: Estudio de artículos (definidos e indefinidos), sustantivos y adjetivos posesivos.Vocabulario Estructural: Los números (cardinales y ordinales), días de la semana, meses y fechas.Expresiones Cotidianas: Secciones dedicadas a saludos, presentaciones personales e información básica sobre pertenencias y entorno. |
||
| 942 |
_2ddc _cBKA _e1 _n0 |
||
| 999 |
_c2049 _d2049 |
||